| 000 -LEADER |
| fixed length control field |
01688cam a2200409 a 4500 |
| 001 - CONTROL NUMBER |
| control field |
14751808 |
| 005 - DATE AND TIME OF LATEST TRANSACTION |
| control field |
20170105102352.0 |
| 008 - FIXED-LENGTH DATA ELEMENTS--GENERAL INFORMATION |
| fixed length control field |
070228s2008 flua b 001 0 eng |
| 010 ## - LIBRARY OF CONGRESS CONTROL NUMBER |
| LC control number |
2007008437 |
| 015 ## - NATIONAL BIBLIOGRAPHY NUMBER |
| National bibliography number |
GBA718871 |
| Source |
bnb |
| 016 7# - NATIONAL BIBLIOGRAPHIC AGENCY CONTROL NUMBER |
| Record control number |
013689407 |
| Source |
Uk |
| 020 ## - INTERNATIONAL STANDARD BOOK NUMBER |
| International Standard Book Number |
9780849390081 (alk. paper) |
| 020 ## - INTERNATIONAL STANDARD BOOK NUMBER |
| International Standard Book Number |
0849390087 (alk. paper) |
| 035 ## - SYSTEM CONTROL NUMBER |
| System control number |
(OCoLC)ocm85692880 |
| 035 ## - SYSTEM CONTROL NUMBER |
| System control number |
(OCoLC)85692880 |
| 040 ## - CATALOGING SOURCE |
| Original cataloging agency |
DLC |
| Transcribing agency |
DLC |
| Modifying agency |
UKM |
| -- |
BAKER |
| -- |
BTCTA |
| -- |
C#P |
| -- |
YDXCP |
| -- |
DLC |
| 050 00 - LIBRARY OF CONGRESS CALL NUMBER |
| Classification number |
QA402.3 |
| Item number |
.L4875 2008 |
| 082 00 - DEWEY DECIMAL CLASSIFICATION NUMBER |
| Classification number |
629.8312 |
| Edition number |
22 |
| 100 1# - MAIN ENTRY--PERSONAL NAME |
| Personal name |
Lewis, Frank L. |
| 245 10 - TITLE STATEMENT |
| Title |
Optimal and robust estimation : with an introduction to stochastic control theory |
| Remainder of title |
with an introduction to stochastic control theory |
| Statement of responsibility, etc. |
Frank L. Lewis, Lihua Xie, Dan Popa. |
| 250 ## - EDITION STATEMENT |
| Edition statement |
2nd ed. |
| 260 ## - PUBLICATION, DISTRIBUTION, ETC. |
| Place of publication, distribution, etc. |
Boca Raton : |
| Name of publisher, distributor, etc. |
CRC Press, |
| Date of publication, distribution, etc. |
c2008. |
| 300 ## - PHYSICAL DESCRIPTION |
| Extent |
xxi, 523 p. : |
| Other physical details |
ill. ; |
| Dimensions |
24 cm. |
| 440 #0 - SERIES STATEMENT/ADDED ENTRY--TITLE |
| Title |
Automation and control engineering ; |
| Volume/sequential designation |
26 |
| 500 ## - GENERAL NOTE |
| General note |
Rev. ed. of: Optimal estimation. New York : Wiley, c1986. |
| 504 ## - BIBLIOGRAPHY, ETC. NOTE |
| Bibliography, etc. note |
Includes bibliographical references (p. 493-500) and index. |
| 650 #0 - SUBJECT ADDED ENTRY--TOPICAL TERM |
| Topical term or geographic name entry element |
Stochastic control theory. |
| 650 #0 - SUBJECT ADDED ENTRY--TOPICAL TERM |
| Topical term or geographic name entry element |
Mathematical optimization. |
| 700 1# - ADDED ENTRY--PERSONAL NAME |
| Personal name |
Xie, Lihua. |
| 700 1# - ADDED ENTRY--PERSONAL NAME |
| Personal name |
Popa, Dan, |
| Dates associated with a name |
1969- |
| 700 1# - ADDED ENTRY--PERSONAL NAME |
| Personal name |
Lewis, Frank L. |
| Title of a work |
Optimal estimation. |
| 856 41 - ELECTRONIC LOCATION AND ACCESS |
| Materials specified |
Table of contents only |
| Uniform Resource Identifier |
<a href="http://www.loc.gov/catdir/toc/ecip0712/2007008437.html">http://www.loc.gov/catdir/toc/ecip0712/2007008437.html</a> |
| 856 42 - ELECTRONIC LOCATION AND ACCESS |
| Materials specified |
Publisher description |
| Uniform Resource Identifier |
<a href="http://www.loc.gov/catdir/enhancements/fy0833/2007008437-d.html">http://www.loc.gov/catdir/enhancements/fy0833/2007008437-d.html</a> |
| 906 ## - LOCAL DATA ELEMENT F, LDF (RLIN) |
| a |
7 |
| b |
cbc |
| c |
orignew |
| d |
1 |
| e |
ecip |
| f |
20 |
| g |
y-gencatlg |
| 942 ## - ADDED ENTRY ELEMENTS (KOHA) |
| Source of classification or shelving scheme |
|
| Koha item type |
Book |